Leyes Nos 19.801 a 19.825: decretos con fuerza de ley: tratados internacionales, sumario

محفوظ في:
التفاصيل البيبلوغرافية
التنسيق: كتاب
اللغة:الإسبانية
منشور في: Santiago Jurídica 2003
سلاسل:Colección Textos Legales, 164
الموضوعات:
الوسوم: إضافة وسم
لا توجد وسوم, كن أول من يضع وسما على هذه التسجيلة!

MARC

LEADER 00000nam a2200000 a 4500
001 UCL3093
003 CL-VaPUC
008 031114e20030000CL |||||||||||||||||spa|d
020 |a 9561014823 
082 0 4 |a 348.022  |b LEY  |2 21 
245 1 0 |a Leyes Nos 19.801 a 19.825: decretos con fuerza de ley: tratados internacionales, sumario 
300 |a 274 p 
942 |c BK 
945 |d 20031114 00:00:00  |a cmena 
260 |a Santiago  |b Jurídica  |c 2003 
650 0 |a Derecho y legislación   |9 255077 
650 0 |a Jurisprudencia  |9 255952 
650 0 |a Tratados internacionales   |9 256056 
650 7 |a DECRETOS LEYES  |2 CL-VaPUC  |9 398900 
583 |a last modification  |c 20031114 00:00:00  |k Rodrigo Vera 
490 0 |a Colección Textos Legales, 164 
999 |c 306225  |d 306223